First Word First Names: Books Quiz Stats

 Plays Quiz Updated Jul 12, 2019

Score 0/60 Timer 06:00
19 Plays Today
% Correct
Harry
94.6%
Winnie
94.3%
Alice
94.3%
Mary
94%
Oliver
93.5%
Charlie
93.4%
Peter
93.4%
Charlotte
92.8%
David
92.1%
Jane
92%
Tom
91.3%
Bridget
90.8%
Pippi
90.7%
Robinson
90.7%
James
89.8%
Anna
89.6%
Anne
89.2%
Stuart
87.8%
Horton
87.2%
Sophie
86.3%
Rosemary
82.6%
Tess
80%
Nicholas
79.9%
Hercule
79%
Julie
78.2%
Angela
77.8%
Cyrano
76.8%
Ella
75.1%
Steve
74.6%
Rob
73.7%
% Correct
Artemis
70.1%
Angelina
68.8%
Moll
67.7%
Silas
66.9%
Amelia
66.6%
Harriet
65%
Nick
64.1%
Jonathan
63.9%
Ethan
63%
Lorna
61.5%
Dolores
57%
Jude
56.6%
Ramona
52.8%
Alexander
52.6%
Elmer
50.5%
Harold
50.4%
Franny
49.7%
Johnny
49.2%
Danny
47.9%
Barnaby
44.9%
Agnes
40.4%
Daisy
38.9%
Eugene
38.3%
Ross
34.3%
Mike
33.9%
Jacob
26%
Oscar
24.9%
Eleanor
22.3%
Sylvester
19%
Martin
13.1%

You're not logged in!

Compare scores with friends on all Sporcle quizzes.
OR
Log In

Sporcle TV

Today on Sporcle TV


Watch our educational content, quiz creation guides, and fun videos on Sporcle TV.

Show Comments

Extras

Top Quizzes Today


Score Distribution

Your Account Isn't Verified!

In order to create a playlist on Sporcle, you need to verify the email address you used during registration. Go to your Sporcle Settings to finish the process.

Report this User

Report this user for behavior that violates our Community Guidelines.

Details: